Statistics for Premier League 21/22 matchweek 4 King of the match

Click here to take the quiz!

General Stats

  • This quiz has been taken 9 times
  • The average score is 7 of 10

Answer Stats

HintAnswer% Correct
Man United 4-1 NewcastleCristiano Ronaldo
100%
Crystal Palace 3-0 TottenhamOdsonne Edouard
89%
Arsenal 1-0 NorwichPierre-Emerick Aubameyang
89%
Chelsea 3-0 Aston VillaRomelu Lukaku
89%
Leicester 0-1 Man CityBernardo Silva
78%
Everton 3-1 BurnleyDemarai Gray
78%
Leeds 0-2 LiverpoolMohamed Salah
78%
Brentford 0-1 BrightonRobert Sanchez
56%
Watford 0-2 WolvesHee-Chan Hwang
33%
Southampton 0-0 West HamAaron Cresswell
22%

Score Distribution

Percentile by Number Answered

Percent of People with Each Score

Your Score History

You have not taken this quiz